| 000 | 00621nam a2200217 a 4500 | ||
|---|---|---|---|
| 005 | 20210219152826.0 | ||
| 008 | 991125n 000 0 eng u | ||
| 035 | _aUPN01000062490 | ||
| 100 | _aRIPPLE, Carol H. | ||
| 222 | _aJOURNAL OF SCHOOL PSYCHOLOGY | ||
| 245 | _aAcademic risk among inner city adolescents: the role of personal attributes / Carol H. Ripple | ||
| 300 | _a277-298 | ||
| 362 | _a2000 38, no. 3 (may.-jun.) | ||
| 653 | 0 | _aALUMNOS | |
| 653 | 0 | _aETNOGRAFIA | |
| 653 | 0 | _aIDENTIDAD ETNICA | |
| 653 | 0 | _aJOVENES | |
| 653 | 0 | _aRENDIMIENTO ACADEMICO | |
| 904 |
_aAC _b000301 |
||
| 905 | _aArticulo | ||
| 999 |
_c61748 _d61748 |
||